Wirrwarr

Đã lưu trong:
Chi tiết về thư mục
Tác giả chính: Sanguinetti, Edoardo (Tác giả)
Định dạng: Sách
Ngôn ngữ:Tiếng Tây Ban Nha
Được phát hành: Madrid Visor 1975
Loạt:Colección Visor de Poesía
Những chủ đề:
Các nhãn: Thêm thẻ
Không có thẻ, Là người đầu tiên thẻ bản ghi này!

MARC

LEADER 00000nam a2200000 a 4500
001 UCO5468
003 CL-VaPUC
008 000901e19750000SP |||||||||||||||||spa|d
082 0 4 |a 851  |b SAN  |2 21 
100 0 |a Sanguinetti, Edoardo  |e author  |9 450194 
245 1 0 |a Wirrwarr 
300 |a 112 p 
942 |c BK 
945 |d 20000901 00:00:00  |a crobeson 
260 |a Madrid  |b Visor  |c 1975 
650 0 |a Poesías italianas  |9 265352 
650 0 |a Literatura italiana  |9 266970 
583 |a last modification  |c 20000901 00:00:00  |k Rodrigo Vera 
490 0 |a Colección Visor de Poesía 
999 |c 291326  |d 291324 
952 |0 0  |1 0  |4 0  |6 851_000000000000000_SAN_1975  |7 0  |8 A  |9 341145  |a BIBART  |b BIBART  |d 2019-11-20  |i 1220667  |o 851 SAN 1975  |p 1220667  |r 2025-03-13  |w 2019-11-20  |y BK  |k ART